zpět

Detail výsledku týmu

Harry, Brno

Datum a čas kvízu

17 Celkem bodů Celkový počet nahraných bodů na tomto kvízu bez doplňovacích otázek.
14. Pořadí na kvízu Konečné umístění týmu na tomto kvízu.

Zaznamenané odpovědi

# Otázka Odpověď Body Výsledky
1. V minulých dnech bylo v médiíc... Pavel Tuleja 0
2. Švýcarský výrobce nožů Victori... nebude obsahovat nožík/čepel 1
3. Pod kterým pseudonymem působí... Nemo 1
4. Někteří obyvatelé Německa, pře... kebab 0
5. Po dvanáctidenní plavbě dovezl... Marseille 0
6. Podíváme se do zemí či krajů,... Muž z Acapulca 0
7. Ve filmu Tři veteráni ztvárnil... B 0
8. Nyní se podíváme do malé vesni... Kyselá prdel (Bad Ass) 1
9. Přiřaďte tyto postavy z knižní... 1C 2A 3D 4B 1
10. Děj které humoristické novely... Rozmarné léto 0